[Event "NZL-ch op-B 130th"]
[Site "Wellington"]
[Date "2023.01.10"]
[Round "9"]
[White "List, Robert"]
[Black "Ray, Charlotte"]
[Result "1-0"]
[WhiteElo "1677"]
[BlackElo "1437"]
[PlyCount "85"]
[EventDate "2023.01.02"]
[EventType "swiss"]
[EventRounds "9"]
[EventCountry "NZL"]
[SourceTitle "CBM 212 Extra"]
[Source "ChessBase"]
[SourceDate "2023.03.31"]
[SourceVersion "1"]
[SourceVersionDate "2023.03.31"]
[SourceQuality "1"]

1. e4 e5 2. Bc4 Nc6 3. Nf3 Bc5 4. d3 d6 5. c3 a6 6. a4 Be6 7. Bxe6 fxe6 8. Qb3 Qc8 9. 0-0 Nf6 10. Be3 Bxe3 11. fxe3 0-0 12. Nbd2 Rb8 13. Rae1 Na5 14. Qa2 c5 15. Ng5 Re8 16. b4 cxb4 17. cxb4 Nc6 18. Qb3 Qd7 19. Nc4 b5 20. axb5 axb5 21. Na5 Nd8 22. Rc1 h6 23. Nf3 Rb6 24. Rc2 Nc6 25. Rfc1 Rc8 26. Nxc6 Rcxc6 27. Rxc6 Rxc6 28. Rxc6 Qxc6 29. Qxe6+ Kh8 30. h3 Nh5 31. Kh2 Nf6 32. Nxe5 Qc7 33. Nf7+ Kh7 34. Qf5+ Kg8 35. Nxh6+ gxh6 36. Qxf6 d5+ 37. e5 Qc3 38. Qg6+ Kf8 39. Qxh6+ Ke7 40. Qd6+ Ke8 41. e6 Qxd3 42. Qd7+ Kf8 43. Qf7# 1-0

[Event "NZL-ch op-B 130th"]
[Site "Wellington"]
[Date "2023.01.07"]
[Round "6"]
[White "Ray, Charlotte"]
[Black "Moshakova, Elena"]
[Result "1-0"]
[WhiteElo "1437"]
[BlackElo "1520"]
[PlyCount "55"]
[EventDate "2023.01.02"]
[EventType "swiss"]
[EventRounds "9"]
[EventCountry "NZL"]
[SourceTitle "CBM 212 Extra"]
[Source "ChessBase"]
[SourceDate "2023.03.31"]
[SourceVersion "1"]
[SourceVersionDate "2023.03.31"]
[SourceQuality "1"]

1. e4 e5 2. Nf3 Nc6 3. Bc4 Bc5 4. c3 Nf6 5. d3 h6 6. a4 a5 7. Nbd2 0-0 8. h3 d5 9. exd5 Nxd5 10. Ne4 Bb6 11. 0-0 Be6 12. Bb5 f5 13. Bxc6 bxc6 14. Ng3 Qd6 15. Re1 e4 16. dxe4 Qxg3 17. exd5 Bxf2+ 18. Kh1 Bxd5 19. Rf1 g5 20. Qd2 Qxh3+ 21. gxh3 Bxf3+ 22. Kh2 Be4 23. Qxf2 Rad8 24. Be3 f4 25. Bd4 h5 26. Rg1 Rd5 27. Qh4 g4 28. hxg4 1-0

[Event "NZL-ch (Women)"]
[Site "Auckland"]
[Date "2022.04.18"]
[Round "3"]
[White "Punsalan, Vyanla M"]
[Black "Ray, Charlotte"]
[Result "1-0"]
[WhiteElo "1869"]
[BlackElo "1402"]
[PlyCount "65"]
[EventDate "2022.04.17"]
[EventType "swiss"]
[EventRounds "7"]
[EventCountry "NZL"]
[SourceTitle "EXT 2024"]
[Source "ChessBase"]
[SourceDate "2023.10.10"]
[SourceVersion "1"]
[SourceVersionDate "2023.10.10"]
[SourceQuality "1"]

1. e4 e5 2. Nf3 Nc6 3. Bb5 a6 4. Ba4 Nf6 5. 0-0 Be7 6. c3 b5 7. Bc2 0-0 8. Qe2 d6 9. h3 h6 10. d3 Be6 11. Rd1 Nd7 12. d4 exd4 13. cxd4 d5 14. Nc3 Nb6 15. Bf4 Re8 16. Rac1 Bd6 17. e5 Bf8 18. g4 Ra7 19. Kh2 f6 20. Qd3 Kf7 21. Re1 fxe5 22. Qg6+ Ke7 23. Nxe5 Nxd4 24. Nc6+ Kd7 25. Nxd8 Nf3+ 26. Kh1 Nxe1 27. Rxe1 Kxd8 28. Rxe6 Rxe6 29. Qxe6 g5 30. Be5 Rb7 31. Bf6+ Be7 32. Qxe7+ Kc8 33. Qd8# 1-0